Responses for Show #8917 - Tuesday, July 18, 2023

Contestants

[<< previous game]

Chelsea Watt, a communications manager from New Westminster, British Columbia, Canada

David Bederman, an attorney from Los Angeles, California

Daniel Moore, a contract compliance analyst from Pittsburgh, Pennsylvania (whose 2-day cash winnings total $39,800)

[next game >>]

Jeopardy! Round responses

THE SONGS OF MAX MARTIN
(Ken: With clips from & Juliet, the musical based on the super producer's hits.)
AN ABBREVIATED CATEGORY
COLLEGE TUITION: THEN & NOW
PREFIXES & SUFFIXES
STARS ON THE NATION'S FLAG
SHARK!
    $200 11
(Daniel: What is... "Hit Me [*]"?)
(Ken: That's correct.)
(Daniel: Wow!)
[Laughter]

"...Baby One More Time"

Daniel
    $200 25
boiling point

Chelsea
    $200 28
Berkeley

Daniel
    $200 26
ante

David
    $200 30
the zodiac

Chelsea
    $200 2
gills

David
    $400 10
Katy Perry

Daniel
    $400 24
spades, hearts, diamonds, clubs

Triple Stumper
    $400 22
Notre Dame

David
    $400 27
mal

Chelsea
    $400 29
(Ken: Yeah, the Canal Zone.)

Panama

David
    $400 4
a lemon shark

Daniel
    $600 9
Celine Dion

Chelsea
    $600 23
(Chelsea: What are soprano, alto, tenor, baritone?)

soprano, alto, tenor & bass

DavidChelsea
    $600 17
Duke

David
    $600 16
(Daniel: What is... tite? No.)
(Ken: No.)

ette

DanielDavid
    $600 19
(Daniel: What are, uh, monkeys?)

parrots

DanielChelsea
    $600 20
reefs

Chelsea
    $800 3
(Ken: You a big Backstreet fan?)
(Chelsea: Yes!)
(Ken: All right.)

"Larger Than Life"

Chelsea
    $2,000 13
(Ken: You could move into a tie for the lead, David.)
(David: You only live once. Uh, True Daily Double.)

Facebook, Apple, Amazon, Netflix & Google

David
    $800 7
Rice

David
    $800 14
algia

Daniel
    $800 18
the Southern Cross

David
    $800 21
mako

Daniel
    $1000 8
"Can't Stop The Feeling!"

Daniel
    $1000 12
electronic point of sale

David
    $1000 6
Purdue

Daniel
    $1000 15
circum

David
    $1000 1
(Ken: [After reading the SHARK! category name] Hope I didn't alarm you, Daniel, you select first.)
(Daniel: Well, that's why I don't go in the ocean.)

the proletariat

Chelsea
    $1000 5
cartilage

Daniel

Scores at the first commercial break (after clue 15):

Daniel David Chelsea
$4,800 $5,000 $2,400

Scores at the end of the Jeopardy! Round:

Daniel David Chelsea
$4,600 $8,600 $3,800

Double Jeopardy! Round responses

AMERICAN HISTORY
AUTHORS' FIRST MAJOR WORKS
AFRICAN FILMS
3-WORD RESPONSES
WORLD OF FIRST NAMES
4 LETTERS, ENDS IN "Y"
    $400 9
the FBI

David
    $400 29
Christie

Daniel
    $400 27
Gaddafi

David
    $400 28
Kentucky Fried Chicken

Daniel
    $400 30
[Ken corrects Daniel's pronunciation to sound like "Ma-LIYA".]

Malia

Daniel
    $400 25
ruby

Chelsea
    $800 5
the Appalachians

David
    $800 1
Jack London

David
    $800 26
James Earl Jones

Daniel
    $800 12
St. Patrick's Day

Daniel
    $800 22
Oliver

Chelsea
    $800 24
(Ken: Yes, less than a minute to go.)

nosy

David
    $1200 2
(Daniel: What is Endeavour?)
...
(Ken: She was actually aboard [*].)

Challenger

Daniel
Triple Stumper
    $1200 14
Junkie

Daniel
    $1200 6
District 9

David
    $1200 10
Crazy Rich Asians

David
    $2,000 21
(Ken: Chelsea?)
(Chelsea: I have no idea.)
(Ken: Ah, it's a shame. It's not Theodor, it's [*]; that's the Russian name.)

Fyodor

Chelsea
    $1200 20
dory

Chelsea
    $1600 3
Ferraro

Daniel
    $2,000 23
(Ken: Are you feeling luckier this time, Chelsea?)
(Chelsea: No, we're gonna go $2,000 again.)
...
(Chelsea: [Chuckles] In a shocking twist, I don't know this one either.)
(Ken: Care to guess?)
(Chelsea: No, I have no idea.)

Ayn Rand

Chelsea
    $1600 7
Ghana

Daniel
    $1600 11
crash test dummy

Chelsea
    $1600 17
Ketanji (Onyika) Jackson

Daniel
    $1600 19
scry

David
    $2000 4
Chicago

Daniel
    $2000 15
Typee

Triple Stumper
    $2000 8
a griot

Triple Stumper
    $2000 13
Eat Pray Love

Chelsea
    $2000 16
(Ken: What is [*]? [*] de hair.)

Marcel

Triple Stumper
    $2000 18
Livy

David

Scores at the end of the Double Jeopardy! Round:

Daniel David Chelsea
$14,200 $17,800 $5,800

[wagering suggestions for these scores]

Final Jeopardy! Round responses

MAN-MADE OBJECTS
(Ken: [To Chelsea] Yes, it's gotta move pretty fast to stay in orbit.)
ChelseaWhat is the International Space Station?
$5,000
DanielWhat is the International Space Station?
$14,200
DavidWhat is the International Space Station?
$10,601
the International Space Station (the ISS)

Final scores:

Daniel David Chelsea
$28,400 $28,401 $10,800
2nd place: $2,000 New champion: $28,401 3rd place: $1,000

Game dynamics:

Coryat scores:

Daniel David Chelsea
$14,200 $16,600 $9,800
19 R,
3 W
21 R
(including 1 DD),
0 W
13 R,
3 W
(including 2 DDs)

Combined Coryat: $40,600

[game clues] [game scores] [suggest correction]

Game tape date: 2023-05-18
The J! Archive is created by fans, for fans. Scraping, republication, monetization, and malicious use prohibited; this site may use cookies and collect identifying information. See terms. The Jeopardy! game show and all elements thereof, including but not limited to copyright and trademark thereto, are the property of Jeopardy Productions, Inc. and are protected under law. This website is not affiliated with, sponsored by, or operated by Jeopardy Productions, Inc. Join the discussion at JBoard.tv.